<?xml version="1.0" encoding="UTF-8"?>
<collection xmlns="http://www.loc.gov/MARC21/slim">
  <record>
    <leader>00000nam  2200000   4500</leader>
    <controlfield tag="001">INLIS000000000020650</controlfield>
    <controlfield tag="005">20250728104016</controlfield>
    <datafield tag="035" ind1="#" ind2="#">
      <subfield code="a">0010-0725000180</subfield>
    </datafield>
    <controlfield tag="007">ta</controlfield>
    <controlfield tag="008">250728################|##########|#|##</controlfield>
    <datafield tag="084" ind1="#" ind2="#">
      <subfield code="a">R 0028 PKA 2024</subfield>
    </datafield>
    <datafield tag="100" ind1=" " ind2="#">
      <subfield code="a">Yuli Ramadhanita</subfield>
    </datafield>
    <datafield tag="245" ind1="1" ind2="#">
      <subfield code="a">Peraturan Bupati, Komunikasi Reguler Orang Tua dan Guru dengan Aspek Sosial, Emosional dan Akademis Anak Dalam Upaya Menurunkan Angka Kekerasan /</subfield>
      <subfield code="c">Yuli Ramadhanita</subfield>
    </datafield>
    <datafield tag="260" ind1="#" ind2="#">
      <subfield code="a">Jakarta :</subfield>
      <subfield code="b">Pusbangkom Pimnas dan Manajerial ASN,</subfield>
      <subfield code="c">2024</subfield>
    </datafield>
    <datafield tag="300" ind1="#" ind2="#">
      <subfield code="a">20 hlm. ;</subfield>
      <subfield code="c">30 cm</subfield>
    </datafield>
    <datafield tag="650" ind1="#" ind2="4">
      <subfield code="a">Peraturan Bupati</subfield>
    </datafield>
    <datafield tag="520" ind1="#" ind2="#">
      <subfield code="a">Penulis mengusulkan sebuah peraturan kepala daerah yang berfokus pada penguatan komunikasi antara orang tua dan guru sebagai langkah strategis menurunkan angka kekerasan terhadap anak, Diharapkan bahwa komunikasi yang baik antara orang tua dan guru dapat menciptakan pemahaman bersama serta deteksi dini terhadap potensi kekerasan yang mungkin terjadi, sehingga dapat mencegah terjadinya kekerasan sejak awal.</subfield>
    </datafield>
    <datafield tag="990" ind1="#" ind2="#">
      <subfield code="a">2024/1.2.3/A/0028</subfield>
    </datafield>
  </record>
</collection>
